[Event "KRK - Mediterranean Golden Island"]
[Site "Njivice"]
[Date "2006.09.14"]
[Round "6.1"]
[White "Vasilevich, Irina"]
[Black "Medic, Mirjana"]
[Result "1-0"]
[WhiteElo "2340"]
[BlackElo "2271"]
[PlyCount "77"]
[EventDate "2006.09.09"]

1. e4 e6 2. d4 d5 3. Nd2 dxe4 4. Nxe4 Nd7 5. Bd3 Ngf6 6. Bg5 h6 7. Bxf6 Nxf6 8.
Nf3 Nxe4 9. Bxe4 Qd6 10. c3 Be7 11. Qe2 O-O 12. Bc2 c5 13. O-O-O Qa6 14. Qxa6
bxa6 15. Be4 Rb8 16. Ne5 cxd4 17. Rxd4 Bf6 18. f4 Bxe5 19. fxe5 Rb5 20. Re1 f6
21. Bf3 fxe5 22. Rd6 a5 23. Kc2 e4 24. Bxe4 e5 25. c4 Rf2+ 26. Kc3 Rb8 27. Rd8+
Kf7 28. Red1 Bg4 29. Rxb8 Bxd1 30. Rb7+ Kf6 31. c5 Re2 32. Bd3 Rxg2 33. c6 Bf3
34. Rxa7 e4 35. Bc4 Bg4 36. Rf7+ Kg6 37. Re7 Rxh2 38. c7 h5 39. Re6+ 1-0

[Event "KRK - Mediterranean Golden Island"]
[Site "Njivice"]
[Date "2006.09.14"]
[Round "6.2"]
[White "Sargac, Rajna"]
[Black "Berke, Ana"]
[Result "0-1"]
[WhiteElo "2184"]
[BlackElo "2018"]
[PlyCount "92"]
[EventDate "2006.09.09"]

1. Nf3 Nf6 2. b3 g6 3. Bb2 Bg7 4. e3 O-O 5. Be2 c5 6. O-O Nc6 7. d4 cxd4 8.
exd4 d5 9. Ne5 Bf5 10. Nxc6 bxc6 11. Nc3 Rc8 12. Na4 Nd7 13. Ba6 Rb8 14. Re1 c5
15. c3 c4 16. b4 e5 17. b5 Re8 18. Qd2 Qh4 19. f3 Bd3 20. Qf2 Qh5 21. Nc5 Nf8
22. Nxd3 cxd3 23. b6 e4 24. fxe4 dxe4 25. Bc4 Qf5 26. Qe3 Qc8 27. Bb3 Rxb6 28.
Rf1 Bf6 29. c4 Qg4 30. c5 Rxb3 31. axb3 Bg5 32. Qf2 Re7 33. Bc3 e3 34. Qf3 Qxf3
35. Rxf3 d2 36. d5 e2 37. Bxd2 Bxd2 38. d6 e1=Q+ 39. Rxe1 Rxe1+ 40. Kf2 Rc1 41.
Rd3 Bb4 42. d7 Bxc5+ 43. Kf3 Nxd7 44. Rxd7 Rc3+ 45. Kg4 Rxb3 46. Kg5 Kg7 0-1

[Event "KRK - Mediterranean Golden Island"]
[Site "Njivice"]
[Date "2006.09.14"]
[Round "6.3"]
[White "Srebrnic, Ana"]
[Black "Djeno, Snjezana"]
[Result "1-0"]
[WhiteElo "2318"]
[BlackElo "1953"]
[PlyCount "68"]
[EventDate "2006.09.09"]

1. Nf3 Nf6 2. c4 g6 3. Nc3 Bg7 4. e4 d6 5. d4 O-O 6. Be2 Nbd7 7. O-O e5 8. Be3
exd4 9. Nxd4 Re8 10. f3 Qe7 11. Qd2 Nf8 12. Nc2 Nh5 13. Nd5 Qd8 14. Bg5 f6 15.
Bh4 g5 16. Bf2 f5 17. exf5 c6 18. f6 Nxf6 19. Nc3 Nh5 20. g3 Bh3 21. Rfe1 Ng6
22. Rad1 Re6 23. Ne4 Bf5 24. Nd4 Bxd4 25. Bxd4 Bxe4 26. fxe4 Nf6 27. Qxg5 Nxe4
28. Qg4 Qe7 29. Bd3 Nc5 30. Rxe6 Qxe6 31. Bf5 Qe8 32. b4 Na6 33. Be6+ Kf8 34.
Rf1+ Ke7 1-0

[Event "KRK - Mediterranean Golden Island"]
[Site "Njivice"]
[Date "2006.09.14"]
[Round "6.4"]
[White "Golubenko, Valentina"]
[Black "Kostiuk, Tatiana"]
[Result "1-0"]
[WhiteElo "2239"]
[BlackElo "2255"]
[PlyCount "111"]
[EventDate "2006.09.09"]

1. Nf3 Nf6 2. c4 c5 3. g3 Nc6 4. Bg2 g6 5. O-O Bg7 6. Nc3 O-O 7. d4 cxd4 8.
Nxd4 Nxd4 9. Qxd4 d6 10. Qd3 a6 11. Rd1 Bf5 12. e4 Bg4 13. f3 Be6 14. Be3 Rc8
15. b3 Nd7 16. Rac1 Qa5 17. Bd2 Qa3 18. f4 Bg4 19. Rf1 Qb2 20. h3 Nc5 21. Qe3
Bd7 22. Kh1 Bc6 23. b4 Qxb4 24. Nd5 Qa4 25. Nxe7+ Kh8 26. Nxc8 Rxc8 27. f5 Re8
28. fxg6 Bxe4 29. Bxe4 Rxe4 30. Qf3 hxg6 31. Qxf7 Qc6 32. Qd5 Qxd5 33. cxd5 Re2
34. Bf4 Nd3 35. Rc8+ Kh7 36. Rc7 g5 37. Bxd6 Kg6 38. Rxb7 Rxa2 39. Rb6 Kh5 40.
Rb3 Nf2+ 41. Rxf2 Rxf2 42. g4+ Kg6 43. Bg3 Rd2 44. d6 Rd5 45. Rb6 a5 46. d7+
Bf6 47. Be5 Rxd7 48. Rxf6+ Kh7 49. Rf5 Kg6 50. Rf6+ Kh7 51. Ra6 Rd3 52. Rxa5
Rxh3+ 53. Kg2 Rd3 54. Bf6 Kg6 55. Bxg5 Rd4 56. Kf3 1-0

[Event "KRK - Mediterranean Golden Island"]
[Site "Njivice"]
[Date "2006.09.14"]
[Round "6.5"]
[White "Sudakova, Irina"]
[Black "Gromova, Iulia"]
[Result "1/2-1/2"]
[WhiteElo "2376"]
[BlackElo "2210"]
[PlyCount "20"]
[EventDate "2006.09.09"]

1. e4 c6 2. d4 d5 3. Nc3 dxe4 4. Nxe4 Bf5 5. Ng3 Bg6 6. h4 h6 7. Nf3 Nd7 8. h5
Bh7 9. Bd3 Bxd3 10. Qxd3 Qc7 1/2-1/2

[Event "KRK - Mediterranean Golden Island"]
[Site "Njivice"]
[Date "2006.09.15"]
[Round "7.1"]
[White "Gromova, Iulia"]
[Black "Vasilevich, Irina"]
[Result "1/2-1/2"]
[WhiteElo "2210"]
[BlackElo "2340"]
[PlyCount "21"]
[EventDate "2006.09.09"]

1. e4 c5 2. Nf3 Nc6 3. d4 cxd4 4. Nxd4 e5 5. Nb5 d6 6. N1c3 a6 7. Na3 b5 8. Nd5
Nf6 9. Bg5 Qa5+ 10. Bd2 Qd8 11. Bg5 1/2-1/2

[Event "KRK - Mediterranean Golden Island"]
[Site "Njivice"]
[Date "2006.09.15"]
[Round "7.2"]
[White "Kostiuk, Tatiana"]
[Black "Sudakova, Irina"]
[Result "0-1"]
[WhiteElo "2255"]
[BlackElo "2376"]
[PlyCount "116"]
[EventDate "2006.09.09"]

1. d4 d5 2. c4 c6 3. Nf3 e6 4. e3 Nd7 5. Nc3 Ngf6 6. Qc2 Bd6 7. Bd3 O-O 8. O-O
dxc4 9. Bxc4 a6 10. e4 e5 11. Be3 b5 12. dxe5 Nxe5 13. Nxe5 Bxe5 14. Be2 Qe7
15. f3 Bd7 16. Nd1 Bd6 17. Rc1 Rac8 18. Bc5 Bxc5+ 19. Qxc5 Qxc5+ 20. Rxc5 Be6
21. b3 Nd7 22. Rc2 f5 23. exf5 Bxf5 24. Rc3 c5 25. Ne3 Be6 26. f4 Nf6 27. Bf3
Rfd8 28. Rfc1 Rd2 29. R1c2 Rxc2 30. Rxc2 Rc7 31. f5 Bf7 32. g4 g5 33. fxg6 Bxg6
34. Nd5 Nxd5 35. Bxd5+ Kf8 36. Rc1 Ke7 37. Kf2 Kd6 38. Rd1 Ke5 39. Ke3 c4 40.
bxc4 bxc4 41. h4 Rc5 42. Bg8 Be4 43. Rc1 Bd3 44. g5 Rc8 45. Bf7 Rc7 46. Bh5 Kd5
47. Bf3+ Kc5 48. a3 Re7+ 49. Kd2 Kd4 50. h5 Rf7 51. Be2 Rf2 52. Re1 c3+ 53. Kd1
c2+ 54. Kc1 Rxe2 55. Rxe2 Bxe2 56. g6 h6 57. g7 Bc4 58. Kxc2 a5 0-1

[Event "KRK - Mediterranean Golden Island"]
[Site "Njivice"]
[Date "2006.09.15"]
[Round "7.3"]
[White "Djeno, Snjezana"]
[Black "Golubenko, Valentina"]
[Result "0-1"]
[WhiteElo "1953"]
[BlackElo "2239"]
[PlyCount "107"]
[EventDate "2006.09.09"]

1. Nf3 c5 2. c4 b6 3. d4 cxd4 4. Nxd4 g6 5. e4 Bg7 6. Nc3 Nc6 7. Nxc6 dxc6 8.
Qxd8+ Kxd8 9. Bf4 e5 10. Be3 Nf6 11. Be2 Kc7 12. O-O Nd7 13. Rad1 Nf8 14. f4
Ne6 15. f5 gxf5 16. exf5 Nd4 17. f6 Bf8 18. Bd3 Bg4 19. Rd2 Rd8 20. Re1 Bb4 21.
h3 Bxh3 22. Bxd4 exd4 23. gxh3 dxc3 24. bxc3 Bxc3 25. Re7+ Kb8 26. Rd1 Rhg8+
27. Kf1 Rg3 28. Be2 Rxd1+ 29. Bxd1 Rxh3 30. Rxf7 Rh1+ 31. Ke2 Bb4 32. Bb3 Re1+
33. Kd3 h5 34. Rh7 Rf1 35. f7 h4 36. Ke4 h3 37. Ke5 h2 38. Rxh2 Rxf7 39. Rh6
Kc7 40. Ba4 Re7+ 41. Kf5 Bd6 42. Re6 Rh7 43. Rg6 a6 44. Bb3 b5 45. Rg1 Re7 46.
Rb1 Re5+ 47. Kf6 Re4 48. Rc1 Kb6 49. a4 Ba3 50. Kf5 Re3 51. Rb1 b4 52. Kf4 Rc3
53. Ke4 Kc5 54. Ba2 0-1

[Event "KRK - Mediterranean Golden Island"]
[Site "Njivice"]
[Date "2006.09.15"]
[Round "7.4"]
[White "Berke, Ana"]
[Black "Srebrnic, Ana"]
[Result "1/2-1/2"]
[WhiteElo "2018"]
[BlackElo "2318"]
[PlyCount "32"]
[EventDate "2006.09.09"]

1. e4 e5 2. Nf3 Nf6 3. Nxe5 d6 4. Nf3 Nxe4 5. Nc3 Nxc3 6. dxc3 Be7 7. Bf4 O-O
8. Qd2 Nd7 9. O-O-O Nc5 10. h4 Bg4 11. h5 Bf6 12. Bd3 Bxf3 13. gxf3 Nxd3+ 14.
Qxd3 Qd7 15. Rdg1 Kh8 16. Kb1 Rae8 1/2-1/2

[Event "KRK - Mediterranean Golden Island"]
[Site "Njivice"]
[Date "2006.09.15"]
[Round "7.5"]
[White "Medic, Mirjana"]
[Black "Sargac, Rajna"]
[Result "1/2-1/2"]
[WhiteElo "2271"]
[BlackElo "2184"]
[PlyCount "62"]
[EventDate "2006.09.09"]

1. d4 Nf6 2. c4 e6 3. Nc3 Bb4 4. Qc2 O-O 5. a3 Bxc3+ 6. Qxc3 Qe8 7. Qc2 Nc6 8.
Nf3 d5 9. Bf4 Qe7 10. e3 Ne4 11. Bd3 f5 12. Ne5 Nd8 13. h3 c5 14. cxd5 exd5 15.
dxc5 Nxc5 16. Nf3 Nc6 17. O-O Ne4 18. Nd4 Bd7 19. Nxc6 bxc6 20. b4 g5 21. Bh2
Rae8 22. f3 Nd6 23. Rae1 Qf6 24. Qc5 Nc8 25. Qd4 Qxd4 26. exd4 f4 27. Kf2 Nd6
28. Rxe8 Rxe8 29. Re1 Rxe1 30. Kxe1 Nb5 31. Bxb5 cxb5 1/2-1/2

[Event "KRK - Mediterranean Golden Island"]
[Site "Njivice"]
[Date "2006.09.16"]
[Round "8.1"]
[White "Vasilevich, Irina"]
[Black "Sargac, Rajna"]
[Result "1-0"]
[WhiteElo "2340"]
[BlackElo "2184"]
[PlyCount "81"]
[EventDate "2006.09.09"]

1. e4 c5 2. Nf3 Nc6 3. Bb5 Nf6 4. Nc3 Qc7 5. O-O a6 6. Bxc6 dxc6 7. h3 e5 8. d3
Be7 9. Be3 h6 10. Nd2 g5 11. Nb3 b6 12. Nd2 Be6 13. Qe2 a5 14. Na4 Rg8 15. a3
g4 16. h4 Nh5 17. b4 Nf4 18. Qe1 Bxh4 19. g3 Nh3+ 20. Kg2 Bg5 21. bxc5 b5 22.
Nb6 Rd8 23. a4 Be7 24. axb5 Nf4+ 25. Kh2 cxb5 26. Qb1 Rg5 27. Qxb5+ Kf8 28. Rh1
Rh5+ 29. Kg1 Ne2+ 30. Kg2 Rxh1 31. Rxh1 Nd4 32. Bxd4 Rxd4 33. Nb3 Bxb3 34. Qxb3
Bxc5 35. Nd5 Qd6 36. Qb7 Kg7 37. Ne3 Qd7 38. Nf5+ Kg6 39. Qa6+ Bd6 40. Rxh6+
Kg5 41. Rxd6 1-0

[Event "KRK - Mediterranean Golden Island"]
[Site "Njivice"]
[Date "2006.09.16"]
[Round "8.3"]
[White "Golubenko, Valentina"]
[Black "Berke, Ana"]
[Result "1-0"]
[WhiteElo "2239"]
[BlackElo "2018"]
[PlyCount "49"]
[EventDate "2006.09.09"]

1. d4 Nf6 2. c4 c5 3. d5 b5 4. cxb5 a6 5. bxa6 d6 6. Nc3 g6 7. Nf3 Bg7 8. g3
Nbd7 9. Bg2 Rxa6 10. O-O Nb6 11. Re1 Bb7 12. e4 O-O 13. Rb1 Qa8 14. Bf1 c4 15.
Be3 Na4 16. Nd2 Nxc3 17. bxc3 Rxa2 18. Bxc4 Ra3 19. Qc1 Ra4 20. Qc2 Rc8 21.
Rxb7 Raxc4 22. Ra7 Qb8 23. Nxc4 Rxc4 24. Qa2 Rc8 25. Rb1 1-0

[Event "KRK - Mediterranean Golden Island"]
[Site "Njivice"]
[Date "2006.09.16"]
[Round "8.4"]
[White "Sudakova, Irina"]
[Black "Djeno, Snjezana"]
[Result "1-0"]
[WhiteElo "2376"]
[BlackElo "1953"]
[PlyCount "71"]
[EventDate "2006.09.09"]

1. e4 c5 2. Nf3 d6 3. c4 e5 4. Nc3 Nc6 5. g3 g6 6. Bg2 Bg7 7. O-O Nge7 8. a3 a5
9. Nd5 b6 10. d3 O-O 11. Nh4 Nxd5 12. cxd5 Nd4 13. Be3 f5 14. Bxd4 cxd4 15.
exf5 gxf5 16. f4 exf4 17. Rxf4 Bh6 18. Rf1 Be3+ 19. Kh1 Qg5 20. Qa4 Ba6 21.
Rad1 f4 22. Qd7 fxg3 23. Nf5 Bf4 24. Rxf4 Kh8 25. Qxd6 Rxf5 26. Rxf5 Qxf5 27.
Rf1 Qg6 28. Rf8+ Rxf8 29. Qxf8+ Qg8 30. Qf6+ Qg7 31. Qd8+ Qg8 32. Qxb6 Qg6 33.
Qxd4+ Kg8 34. d6 Qh5 35. Bd5+ Kf8 36. Qh8# 1-0

[Event "KRK - Mediterranean Golden Island"]
[Site "Njivice"]
[Date "2006.09.16"]
[Round "8.5"]
[White "Gromova, Iulia"]
[Black "Kostiuk, Tatiana"]
[Result "1/2-1/2"]
[WhiteElo "2210"]
[BlackElo "2255"]
[PlyCount "68"]
[EventDate "2006.09.09"]

1. d4 Nf6 2. c4 c5 3. d5 e5 4. Nc3 d6 5. e4 Be7 6. Bd3 O-O 7. h3 Ne8 8. Nf3 g6
9. O-O f5 10. exf5 gxf5 11. Ne1 f4 12. Kh2 Ng7 13. Qc2 Bf5 14. Ne4 Nd7 15. Bd2
Qe8 16. g4 fxg3+ 17. Nxg3 Bxd3 18. Qxd3 Qg6 19. Qxg6 hxg6 20. f4 exf4 21. Bxf4
g5 22. Be3 Rxf1 23. Nxf1 Ne5 24. b3 Nf5 25. Rc1 g4 26. Bf4 Bf6 27. Ne3 Nxe3 28.
Bxe3 Kf7 29. Kg2 gxh3+ 30. Kxh3 Rg8 31. Ng2 Rh8+ 32. Kg3 Rg8+ 33. Kh3 Rh8+ 34.
Kg3 Rg8+ 1/2-1/2

[Event "KRK - Mediterranean Golden Island"]
[Site "Njivice"]
[Date "2006.09.17"]
[Round "9.2"]
[White "Djeno, Snjezana"]
[Black "Gromova, Iulia"]
[Result "1/2-1/2"]
[WhiteElo "1953"]
[BlackElo "2210"]
[PlyCount "87"]
[EventDate "2006.09.09"]

1. Nf3 Nf6 2. g3 g6 3. Bg2 Bg7 4. O-O O-O 5. d3 d5 6. Nbd2 c5 7. e4 Nc6 8. Re1
d4 9. Nc4 b5 10. Nce5 Nxe5 11. Nxe5 Bb7 12. f4 Nd7 13. Nxd7 Qxd7 14. b3 c4 15.
bxc4 bxc4 16. e5 Bxg2 17. Kxg2 c3 18. Ba3 Rfe8 19. Qf3 Rab8 20. Rab1 Qa4 21.
Rxb8 Rxb8 22. Bxe7 Qxc2+ 23. Re2 Qxe2+ 24. Qxe2 Rb2 25. Kf3 Rxe2 26. Kxe2 Bf8
27. Bf6 Bc5 28. g4 Kf8 29. Bh4 Ke8 30. f5 Kd7 31. Bf6 a6 32. Kd1 gxf5 33. gxf5
h5 34. Kc2 Kc6 35. e6 fxe6 36. fxe6 Kd6 37. e7 Kd7 38. Kb3 Ke8 39. Kc2 Kf7 40.
Kb3 h4 41. h3 Ke8 42. Kc2 Kf7 43. Kb3 Ke8 44. Kc2 1/2-1/2

[Event "KRK - Mediterranean Golden Island"]
[Site "Njivice"]
[Date "2006.09.17"]
[Round "9.3"]
[White "Berke, Ana"]
[Black "Sudakova, Irina"]
[Result "0-1"]
[WhiteElo "2018"]
[BlackElo "2376"]
[PlyCount "90"]
[EventDate "2006.09.09"]

1. e4 c5 2. Nf3 Nc6 3. d4 cxd4 4. Nxd4 Nf6 5. Nc3 d6 6. Bc4 e6 7. g4 Nxd4 8.
Qxd4 Nxg4 9. Rg1 Ne5 10. Bb5+ Bd7 11. Bxd7+ Qxd7 12. Rg3 a6 13. Be3 Rc8 14.
O-O-O b5 15. f4 Nc4 16. f5 b4 17. fxe6 fxe6 18. Nb1 Qc7 19. Rg2 Qc5 20. Bg1
Qxd4 21. Rxd4 g6 22. b3 Ne5 23. Kd1 a5 24. Be3 Be7 25. Bh6 Nf7 26. Bd2 O-O 27.
a3 Ne5 28. Ke2 Rxc2 29. axb4 Nf3 30. Rd3 Nxd2 31. Nxd2 axb4 32. Rd4 Ra8 33. Kd1
Raa2 34. Rxb4 Bf6 35. Ra4 Rab2 36. Ra6 Be5 37. Rf2 g5 38. Ra8+ Kg7 39. Ra7+ Kg6
40. Re7 Bf4 41. Rxf4 gxf4 42. Rxe6+ Kf7 43. Rxd6 Ke7 44. e5 Rc5 45. Rf6 Rd5 0-1

[Event "KRK - Mediterranean Golden Island"]
[Site "Njivice"]
[Date "2006.09.17"]
[Round "9.4"]
[White "Medic, Mirjana"]
[Black "Golubenko, Valentina"]
[Result "1/2-1/2"]
[WhiteElo "2271"]
[BlackElo "2239"]
[PlyCount "30"]
[EventDate "2006.09.09"]

1. d4 Nf6 2. c4 c5 3. d5 b5 4. cxb5 a6 5. bxa6 g6 6. Nc3 Bxa6 7. Nf3 d6 8. g3
Bg7 9. Bg2 O-O 10. O-O Nbd7 11. Rb1 Qa5 12. Bd2 Rfb8 13. b3 Qa3 14. Bc1 Qa5 15.
Bd2 Qa3 1/2-1/2

[Event "KRK - Mediterranean Golden Island"]
[Site "Njivice"]
[Date "2006.09.17"]
[Round "9.5"]
[White "Sargac, Rajna"]
[Black "Srebrnic, Ana"]
[Result "1/2-1/2"]
[WhiteElo "2184"]
[BlackElo "2318"]
[PlyCount "20"]
[EventDate "2006.09.09"]

1. Nf3 Nf6 2. g3 g6 3. Bg2 Bg7 4. O-O O-O 5. d3 d6 6. Nbd2 e5 7. e4 Nc6 8. c3
Ne8 9. Re1 Kh8 10. Nf1 f5 1/2-1/2

[Event "KRK - Mediterranean Golden Island"]
[Site "Njivice"]
[Date "2006.09.11"]
[Round "3.1"]
[White "Golubenko, Valentina"]
[Black "Vasilevich, Irina"]
[Result "0-1"]
[WhiteElo "2239"]
[BlackElo "2340"]
[Annotator ",V"]
[PlyCount "124"]
[EventDate "2006.09.09"]

1. d4 Nf6 2. c4 e6 3. Nf3 b6 4. a3 Ba6 5. Qc2 Bb7 6. Nc3 c5 7. e4 cxd4 8. Nxd4
d6 9. Be2 Be7 10. O-O O-O 11. Rd1 Nbd7 12. b4 a6 13. f4 Qc7 14. Be3 Rac8 15.
Rac1 Qb8 16. f5 Ne5 17. fxe6 Nfg4 (17... Nxc4 18. Bxc4 Rxc4 19. Qd3 b5 20. Nf5
Qe8 21. Nd5 Nxd5 22. exd5 fxe6 23. dxe6 Rg4 24. g3 Re4 25. Rc8 Bxc8 26. Qxe4)
18. Bf4 (18. Bxg4 Nxg4 19. Qe2 Nxe3 20. Qxe3 Rxc4 21. Nf5) 18... fxe6 19. Qd2
Bh4 20. g3 Rxf4 21. Qxf4 Rf8 22. Bxg4 (22. Qd2) 22... Rxf4 23. Bxe6+ Kh8 24.
gxf4 Ng6 25. Nd5 Qd8 26. Bf5 Ne7 27. Ne6 (27. Bh3) 27... Qe8 28. Nxe7 Bxe7 29.
c5 dxc5 30. bxc5 g6 31. Bh3 bxc5 32. Nc7 Qa4 33. Nd5 Bxd5 34. exd5 Qxf4 35. Bg2
Bd6 36. Rc3 Qxh2+ 37. Kf1 Qe5 38. Rdd3 Qf5+ 39. Rf3 Qb1+ 40. Kf2 h5 41. Rb3
Qc2+ 42. Kg1 Qd1+ 43. Bf1 c4 44. Rbc3 Qd4+ 45. Kh1 Qh4+ 46. Rh3 Qe4+ 47. Kg1
Qd4+ 48. Kh1 Qxd5+ 49. Kg1 Bc5+ 50. Kh2 Qe5+ 51. Kh1 Qe1 52. Rhf3 Qh4+ 53. Kg2
Qg4+ 54. Rg3 Qe4+ 55. Rgf3 Qg4+ 56. Rg3 Qf4 57. Rcf3 Qd2+ 58. Kh3 g5 59. Rf5
g4+ 60. Kh4 Qh2+ 61. Bh3 Be7+ 62. Kxh5 Qxg3 0-1

[Event "KRK - Mediterranean Golden Island"]
[Site "Njivice"]
[Date "2006.09.13"]
[Round "5.1"]
[White "Sudakova, Irina"]
[Black "Vasilevich, Irina"]
[Result "1/2-1/2"]
[WhiteElo "2376"]
[BlackElo "2340"]
[Annotator ",V"]
[PlyCount "77"]
[EventDate "2006.09.09"]

1. e4 c5 2. Nf3 e6 3. d4 cxd4 4. Nxd4 Nc6 5. Nc3 a6 6. Be2 Qc7 7. f4 b5 8. Nxc6
Qxc6 9. Bf3 Bb7 10. Be3 Qc7 11. O-O Ne7 12. Qd2 Ng6 13. Qf2 Be7 14. g3 O-O 15.
Rad1 d6 16. Rd2 Rac8 17. Rfd1 Qb8 18. h4 f5 19. h5 Nh8 20. exf5 Rxf5 21. Bg4
Rf6 22. Bd4 e5 23. Ba7 Qa8 24. Bxc8 Qxc8 25. Nd5 Bxd5 26. Rxd5 Qg4 27. Qg2 Nf7
28. Be3 Rf5 29. Rf1 Rxh5 30. fxe5 Bg5 31. Bxg5 Rxg5 32. Rxd6 Qc8 33. Qd5 (33.
Rxf7) 33... Rxg3+ 34. Kf2 Rg5 35. Re1 Rf5+ (35... Qf5+ 36. Qf3 Nxd6 37. exd6
Qc5+ 38. Qe3 Rf5+ 39. Kg1 Qxd6) 36. Kg1 Rg5+ 37. Kf2 Rf5+ 38. Kg1 Rg5+ 39. Kf2
1/2-1/2